000 00440nam a2200157 i 4500
001 100406
003 ES-MaACL
005 20230906182652.0
007 t|
008 050928s1955 ag ||||1| spa d
100 1 _aMascia, Alfredo A.
_978690
245 1 0 _aProductividad de Empresas /
_cAlfredo A. Mascia.
260 _aBuenos Aires :
_bSeleccion Contable,
_c1955.
300 _a207 p. ;
_c23 cm.
852 _aES-MaACL
_jC-11885
_bR.39994
999 _c100406
_d100406